[Event "7th RTU Open 2017"]
[Site "Riga"]
[Date "2017.08.08"]
[Round "2"]
[White "Gokerkan, Cem Kaan"]
[Black "Shyam, Sundar M"]
[Result "1/2-1/2"]
[WhiteElo "2357"]
[BlackElo "2547"]
[Annotator "TA"]
[PlyCount "28"]
[EventDate "2017.??.??"]
[EventType "swiss"]
[EventCountry "LAT"]
[SourceTitle "playchess.com"]
[Source "ChessBase"]
[SourceQuality "1"]

{[%evp 13,28,11,40,37,58,26,39,35,47,10,16,30,8,0,0,0,0]} 1. e4 e5 2. Nf3 Nc6 3. Bc4 Bc5 4. c3 Nf6 5. d3 O-O 6. O-O d6 7. Bg5 Bb6 (7... h6 $5 {[%cal Rh6g5]} 8. Bh4 g5 $11) 8. Nbd2 {C54: Giuoco Piano: 4 c3 Nf6, main lines with 5 d4 and 5 d3} Ne7 9. Nh4 (9. Bxf6 $5 gxf6 10. d4 $14) 9... c6 $146 ({Predecessor:} 9... Bg4 10. Qe1 Kh8 11. Kh1 Nh5 12. h3 Bd7 13. Qe2 Nf4 14. Bxf4 exf4 15. Nhf3 Ng6 {1-0 (47) Tiviakov,S (2623)-Van den Doel,E (2591) Leiden 2010}) 10. Bb3 {White is slightly better.} d5 11. Qf3 (11. Bxf6 $5 gxf6 12. Qf3 $14) 11... Qd6 12. Rae1 h6 13. Be3 Bc7 14. Qg3 Nh5 1/2-1/2

[Event "7th RTU Open 2017"]
[Site "Riga"]
[Date "2017.08.08"]
[Round "2"]
[White "Pershin, Denis"]
[Black "Schroeder, Jan-Christian"]
[Result "1/2-1/2"]
[WhiteElo "2353"]
[BlackElo "2539"]
[Annotator "TA"]
[PlyCount "28"]
[EventDate "2017.??.??"]
[EventType "swiss"]
[EventCountry "LAT"]
[SourceTitle "playchess.com"]
[Source "ChessBase"]
[SourceQuality "1"]

{[%evp 9,28,0,7,0,7,0,0,0,0,0,0,-8,64,57,68,62,61,48,133,84,100]} 1. d4 Nf6 2. Nc3 d5 3. Bf4 a6 4. e3 e6 5. g4 h6 (5... c5 6. g5 Nfd7 7. Nf3 Nc6 8. a3 b5 9. h4 Bb7 10. h5 Nb6 11. Ne5 Nxe5 12. Bxe5 {1-0 (26) Carlsen,M (2832)-Caruana,F (2808) Stavanger 2017}) 6. Qf3 {D00: 1 d4 d5: Unusual lines} b5 $146 {[%cal Bb7b5,Bb5b4][%mdl 32]} ({Predecessor:} 6... b6 7. O-O-O Bb7 8. Nge2 Nbd7 9. h4 Bd6 10. Bg2 Bxf4 11. Nxf4 Qe7 {½-½ (46) Nadassy,A (2062)-Lukacs,A (1735) Budapest 2012}) 7. h4 {[%cal Bh2h4,Bh4g5][%mdl 32]} b4 8. Nce2 {The position is equal.} c5 9. g5 Ne4 10. Ng3 hxg5 (10... Bb7 $1 $11) 11. hxg5 $14 Rxh1 12. Qxh1 Nxg3 13. fxg3 Qa5 ({Black should try} 13... Qe7 $14) 14. Kf2 Nc6 1/2-1/2

[Event "7th RTU Open 2017"]
[Site "Riga"]
[Date "2017.08.08"]
[Round "2"]
[White "Van Osch, Mees"]
[Black "Vishnu Prasanna  V"]
[Result "0-1"]
[WhiteElo "2349"]
[BlackElo "2538"]
[Annotator "TA"]
[PlyCount "114"]
[EventDate "2017.??.??"]
[EventType "swiss"]
[EventCountry "LAT"]
[SourceTitle "playchess.com"]
[Source "ChessBase"]
[SourceQuality "1"]

{[%evp 12,114,54,40,82,80,61,55,58,68,66,46,35,52,110,0,0,-46,-37,-25,-15,-13,-14,-61,-36,-124,-53,-79,-2,-34,-37,-33,-8,-12,0,-22,0,0,16,-35,-24,-100,-95,-83,-63,-108,-79,-90,-71,-78,-74,-210,-202,-211,-201,-187,-185,-541,-514,-775,-766,-759,-769,-725,-662,-570,-234,-200,-213,-327,-321,-385,-386,-731,-720,-1106,-1088,-1122,-1103,-1129,-804,-1102,-1073,-950,-929,-12831,-9992,-12834,-12833,-12835,-12835,-12843,-12839,-12839,-12839,-12841,-12842,-12842,-12843,-12847,-12847,-12847,-12848,-12848,-12847]} 1. e4 e5 2. Nf3 d6 3. d4 exd4 4. Nxd4 Nf6 5. Nc3 Be7 6. Bf4 c6 {C41: Philidor Defence} (6... O-O 7. Qd2 Nc6 8. O-O-O Nxd4 9. Qxd4 a6 10. f3 b5 11. g4 c5 12. Qd2 b4 13. Nd5 Nxd5 14. exd5 Bf6 15. Bd3 Re8 16. Rhe1 Rxe1 17. Rxe1 {1-0 (32) Dominguez Perez,L (2739)-Noritsyn,N (2473) chess.com INT 2017}) 7. Qd2 {LiveBook: 3 Games} b5 8. a3 O-O {White is better.} 9. Be2 a5 10. O-O Re8 $146 ({Predecessor:} 10... Nbd7 11. Nxc6 Qe8 12. Nxe7+ Qxe7 13. Bxd6 Qxd6 14. Qxd6 Ne8 {1-0 (28) Balshaw,A (2114)-Gosling,D ICCF email 2009}) 11. Rfe1 Bf8 12. Bf3 Ra6 (12... Ng4 $14) 13. b4 (13. e5 $16 dxe5 14. Bxe5 (14. Rxe5 Rxe5 15. Bxe5 c5 $16)) 13... Nbd7 $11 14. Nb3 axb4 15. axb4 Ne5 16. Rxa6 Bxa6 17. Ra1 {Black must now prevent Bxe5.} Bc8 18. Ra8 ({Better is} 18. Qd1 $15) 18... Nfd7 ({Black should play} 18... Nxf3+ $17 19. gxf3 Qd7) 19. Be2 Qc7 (19... Nb6 $17 20. Ra7 Nbc4) 20. Bg3 Nb6 21. Ra1 g6 (21... Nec4 $5 {[%cal Rc4d2]} 22. Qf4 h6 $15) 22. Na5 Be6 23. Nd1 f5 24. exf5 gxf5 25. Qg5+ (25. Bh5 $11 Ra8 26. Nc3) 25... Ng6 {Threatens to win with ...Nd5.} 26. Bd3 {[#]} (26. Ne3 $11) 26... Qg7 $1 $17 {[%cal Rg7a1]} 27. c3 Bd7 {Hoping for ...Nd5.} 28. Qd2 f4 {aiming for ...Qe5.} 29. Bxg6 Qxg6 30. Bxf4 Nd5 31. Bg3 {[#]} (31. f3 $17 {is the only way for White.}) 31... Bh6 $1 $19 {[%cal Rh6d2]} 32. f4 Qf6 $40 {[%mdl 128] Black has strong attack.} 33. Nf2 Nxf4 34. Bxf4 $2 (34. Kh1) 34... Bxf4 ({Not} 34... Qxf4 35. Qxf4 Bxf4 36. g3 $17) 35. Qd4 (35. Qd3 $142 Qh6 36. g3) 35... Qh6 36. g3 Be3 37. Qh4 Qxh4 38. gxh4 Rf8 (38... Bh3 $142 {( -> ...Kh8)} 39. Re1 Kf7) 39. Ra2 Bb6 40. Kg2 (40. Kf1 {was worth a try.}) 40... Be6 41. Re2 Bd5+ 42. Kf1 $2 (42. Kg1) 42... Bxa5 {Black is clearly winning.} 43. bxa5 {[%mdl 4096] Endgame KRB-KRN} Bc4 44. Ke1 Bxe2 45. Kxe2 {KR-KN} Rf4 46. Ke3 Ra4 47. Ne4 Rxa5 48. Nxd6 Ra4 49. Nf5 Kf7 50. h5 Kf6 51. Nd4 Rc4 52. Kd3 h6 53. h4 Ke5 54. Nf3+ Kd5 55. Nd4 {[#]} Rxd4+ $1 {[%mdl 512]} 56. cxd4 b4 57. Ke3 Kc4 {Precision: White = 31%, Black = 68%.} 0-1

[Event "7th RTU Open 2017"]
[Site "Riga"]
[Date "2017.08.08"]
[Round "2"]
[White "Tokranovs, Dmitrijs"]
[Black "Bailet, Pierre"]
[Result "1/2-1/2"]
[WhiteElo "2340"]
[BlackElo "2536"]
[Annotator "TA"]
[PlyCount "96"]
[EventDate "2017.??.??"]
[EventType "swiss"]
[EventCountry "LAT"]
[SourceTitle "playchess.com"]
[Source "ChessBase"]
[SourceQuality "1"]

{[%evp 20,96,-23,-14,-12,-37,-33,-46,-40,-50,-43,-28,-24,-40,-8,-8,-18,-19,0,-123,-117,-141,-138,-105,-124,-235,-120,-118,-106,-124,-127,-115,-105,-122,-127,-105,-110,-147,-149,-182,-114,-135,-142,-269,-192,-220,-175,-327,-195,-180,-152,-204,-136,-97,0,0,0,-6,0,-8,0,-8,-8,-8,-12,-66,0,0,8,8,0,8,353,240,227,243,330,458,1181]} 1. e4 e5 2. Nf3 Nc6 3. Bc4 Nf6 4. Nc3 Nxe4 5. Nxe4 d5 6. Bd3 dxe4 7. Bxe4 Bd6 8. d4 exd4 9. Bxc6+ bxc6 10. Qxd4 O-O 11. Be3 {LiveBook: 3 Games. C55: Two Knights: 4 d3, 4 d4 exd4 5 e5 and Max Lange Attack} Be6 12. a3 $146 ({Predecessor:} 12. O-O Bd5 13. Ng5 f5 14. Nh3 Re8 15. Bg5 Qb8 16. Rfe1 Qb6 17. Qxb6 cxb6 18. Bf4 Bc5 {0-1 (59) Koch,J (2507)-Adams,M (2746) France 2001}) 12... Re8 13. O-O-O {Black is slightly better.} Bd5 14. Rhe1 Re4 15. Qd3 Rg4 16. Nd4 Bxg2 17. f3 Rg6 $1 18. Nxc6 Qf6 19. Nxa7 (19. Bd4 $1 $11 {remains equal.} Bf4+ 20. Be3) 19... h6 $17 20. Rd2 Qxf3 ({Much weaker is} 20... Bxf3 $6 21. Rf1 $11) 21. Nb5 {[%cal Rb5d6]} Bxh2 22. Rf2 (22. Kb1 $17) 22... Qh5 (22... Qh3 $1 $19 23. Rfe2 h5) 23. Rxg2 Rxg2 24. Qe4 Rb8 25. Qxg2 Qxb5 $40 {[%mdl 128] Black attacks with force.} 26. Bd4 {[%csl Gd4][%cal Rg2g7] [#]} Qg5+ $1 27. Qxg5 hxg5 {[%mdl 4096] Endgame KRB-KRB} 28. c4 Rd8 29. Bc3 f6 (29... g4 $19 30. b4 f5) 30. a4 g4 {[%cal Bg5g4,Bg4g3][%mdl 32]} 31. a5 (31. Re2 $17 Bd6 32. b4) 31... c5 32. Kc2 Kf7 33. b4 $2 (33. a6 {might work better.}) 33... cxb4 (33... g3 $142 {Threatens to win with ...g2.} 34. Re2 cxb4 35. Bxb4 f5) 34. Bxb4 $19 Be5 35. Kb3 (35. Bc3 $17) 35... g3 36. Bc5 Rb8+ (36... Re8 $17 37. a6 Ke6) 37. Ka4 $1 $11 Rc8 38. Kb4 Bf4 39. Kb5 Bd2 40. Re7+ Kg6 41. Bb6 $1 f5 {...f4 is the strong threat.} 42. Rd7 (42. a6 $1 $11) 42... Be1 (42... Bg5 $15 43. a6 f4) 43. Rd1 Bf2 {Hoping for ...f4.} 44. c5 f4 45. c6 {aiming for Bxf2.} f3 $2 {[%mdl 8192]} (45... Kf5 $1 $11) 46. Bxf2 $18 gxf2 47. Kb6 Rb8+ {[#]} 48. Ka7 $1 {[%cal Ra7b8]} Rb2 {[%mdl 32768] Precision: White = 39%, Black = 50%. . An unexpected result.} (48... Rh8 $142 49. a6 Kf5) 1/2-1/2

[Event "7th RTU Open 2017"]
[Site "Riga"]
[Date "2017.08.08"]
[Round "2"]
[White "Badelka, Olga"]
[Black "Dastan, Muhammed Batuhan"]
[Result "1/2-1/2"]
[WhiteElo "2335"]
[BlackElo "2529"]
[Annotator "TA"]
[PlyCount "86"]
[EventDate "2017.??.??"]
[EventType "swiss"]
[EventCountry "LAT"]
[SourceTitle "playchess.com"]
[Source "ChessBase"]
[SourceQuality "1"]

{[%evp 16,86,30,23,21,23,28,16,56,54,53,55,50,53,68,66,95,102,160,132,119,118,141,133,143,123,132,68,85,57,59,58,80,79,73,59,96,86,114,53,80,53,56,54,45,45,82,75,86,63,60,65,72,8,4,8,7,0,8,0,0,0,0,0,0,0,0,0,0,0,0,0,0]} 1. c4 f5 2. g3 Nf6 3. Bg2 g6 4. Nc3 Bg7 5. d3 {[%cal Bd2d3,Bd3d4,Bd4d5][%mdl 32]} d6 6. e4 c6 7. Nge2 O-O 8. O-O e5 9. exf5 Bxf5 {A21: English Opening: 1...e5 2 Nc3} 10. d4 (10. h3 Na6 11. Be3 Kh8 12. Qd2 Qd7 13. Kh2 d5 14. cxd5 cxd5 15. d4 e4 16. Rac1 Rac8 17. b3 {½-½ (29) Nevednichy,V (2554)-Guseinov,G (2613) Tromsoe 2014}) 10... Na6 11. h3 Nb4 12. g4 Be6 13. a3 Na6 14. d5 Bd7 $146 ({Predecessor:} 14... cxd5 15. Nxd5 Nxd5 16. Bxd5 Nc7 17. Bxe6+ Nxe6 {1-0 (58) Rohrmueller,U (2233)-Bintakies,M (2206) Bayern 2014}) 15. Bg5 h6 16. Be3 h5 (16... cxd5 $142 17. Bxd5+ (17. cxd5 g5 $14) (17. Nxd5 Bc6 $16) 17... Nxd5 18. Qxd5+ Rf7) 17. dxc6 Bxc6 18. Ng3 {[%cal Rg4h5]} Bxg2 19. Kxg2 {[%cal Rg4h5]} hxg4 20. hxg4 Qd7 21. Nce4 ({White should play} 21. g5 $16 Ng4 22. Qd5+ Rf7 23. Nb5) 21... Nxg4 22. Qxd6 Qxd6 ({But not} 22... Qf7 $2 23. Ng5 $18) 23. Nxd6 Nc7 24. Nge4 b6 25. b4 Ne6 26. Rad1 Rab8 27. Bc1 (27. Rg1 $16) 27... Nh6 28. c5 (28. Rg1 {is more complex.} Nf5 29. Kf1 Ne7 30. Rd3 Rbd8 31. Bg5) 28... bxc5 29. Nxc5 Nxc5 30. bxc5 {Black must now prevent c6.} Rb3 31. Bxh6 Bxh6 32. Ne4 {Threatens to win with c6.} Rxa3 33. Rd6 Ra4 34. Rxg6+ (34. Re1 $16) 34... Kf7 $1 $132 {[%cal Rf7g6][%mdl 2048] The position is equal. Black is not keeping still} ({Reject} 34... Kh7 $6 35. Rg4 $16) 35. Rxh6 Rxe4 {[%mdl 4096] Endgame KRR-KRR} 36. Ra1 Kg7 37. Rha6 (37. Raa6 {keeps more tension.} Rc4 38. Rhg6+ Kh7 39. Rge6 Rg8+ 40. Kf3) 37... Rg4+ 38. Kf1 Rc4 39. Rxa7+ Kg6 40. R1a6+ Kf5 41. c6 Rc8 42. Ra8 Rxa8 43. Rxa8 Rxc6 {Precision: White = 64%, Black = 62%.} 1/2-1/2

[Event "7th RTU Open 2017"]
[Site "Riga"]
[Date "2017.08.08"]
[Round "2"]
[White "Zarubitski, Viachaslau"]
[Black "Sulskis, Sarunas"]
[Result "0-1"]
[WhiteElo "2319"]
[BlackElo "2519"]
[Annotator "TA"]
[PlyCount "96"]
[EventDate "2017.??.??"]
[EventType "swiss"]
[EventCountry "LAT"]
[SourceTitle "playchess.com"]
[Source "ChessBase"]
[SourceQuality "1"]

{[%evp 10,96,58,48,50,35,39,38,41,43,42,34,39,37,36,46,43,49,40,41,37,47,43,40,45,39,39,41,39,16,14,0,0,0,0,0,0,0,0,-55,-48,-44,-52,-137,-135,-134,-127,-146,-141,-143,-138,-141,-145,-140,-135,-250,-256,-285,-202,-275,-177,-179,-179,-233,-223,-275,-270,-449,-452,-423,-446,-452,-427,-494,-460,-507,-547,-639,-636,-598,-583,-2311,-2102,-7649,-6203,-29962,-918,-29979,-29967]} 1. e4 d5 2. exd5 Qxd5 3. Nc3 Qd6 4. d4 Nf6 5. Nf3 Bg4 6. h3 Bh5 {B01: Scandinavian Defence} 7. g4 Bg6 $1 8. Ne5 Nbd7 $1 {[%cal Rd7e5] White is slightly better.} 9. Nxg6 hxg6 10. Bg2 c6 11. d5 (11. Qd3 e6 12. Bd2 Nb6 13. O-O-O Nbd5 14. Ne2 {1-0 (39) Bologan,V (2640)-Kovalenko,I (2684) Tallinn 2016}) 11... Nxd5 12. Nxd5 cxd5 13. Qxd5 Qxd5 14. Bxd5 Nc5 $146 15. Be3 e6 16. Bg2 O-O-O 17. Ke2 Na4 18. Rad1 {Black must now prevent Bxb7+!} Bc5 19. Bxc5 (19. Rxd8+ {feels hotter.} Rxd8 20. Bc1 Bd4 21. c3 Be5 22. h4) 19... Nxc5 20. f4 Na4 21. Rd3 Rxd3 22. cxd3 $11 {[%mdl 4096] Endgame KRB-KRN} Kb8 23. Kd2 Rd8 24. b3 (24. Ke3 $11) 24... Nc5 $15 25. Bf1 $1 Ne4+ 26. Kc2 ({White should play} 26. Ke3 $15 Nc3 27. Rh2) 26... Rc8+ $17 27. Kb2 Nf2 28. Rg1 Nd1+ 29. Kb1 Ne3 30. Bg2 Rc2 31. Be4 {Re1 is the strong threat.} Rf2 32. Re1 (32. Rc1 $17) 32... Nc2 $19 33. Rc1 Na3+ 34. Ka1 Rxf4 35. Kb2 Nb5 36. Rc2 (36. a4 $142 Nd4 37. Re1) 36... Nd4 37. Rc4 Rf2+ 38. Kc3 $2 (38. Kb1 {was worth a try.} Nb5 39. Rc5) 38... e5 39. Rc5 f6 40. Rd5 Kc7 41. Bxg6 {Now Be8 and White clings on.} a5 {[%csl Gd4][%cal Rf2c2]} 42. Rxd4 exd4+ 43. Kxd4 Rxa2 {KR-KB} 44. h4 a4 45. bxa4 Rxa4+ 46. Kd5 Rxg4 47. h5 {[#]} b5 (47... Rxg6 $142 $1 48. hxg6 Kd7 49. d4 b6 50. Ke4 b5 51. Ke3 f5 52. Kd3 Kd6 53. Kc3 Kd5 54. Kd3 b4 55. Ke3 {[#]} f4+ $1 {[%mdl 512]} 56. Kd3 f3 57. Kd2 Kxd4 58. Kd1 b3 59. Kc1 f2 60. Kd2 f1=R 61. Ke2 Rf8 62. Kd2 Rf2+ 63. Kd1 b2 64. Ke1 Rh2 65. Kf1 b1=Q#) 48. Ke6 b4 {Precision: White = 42%, Black = 88%.} 0-1

[Event "7th RTU Open 2017"]
[Site "Riga"]
[Date "2017.08.08"]
[Round "2"]
[White "Zaiatz, Elena"]
[Black "Godena, Michele"]
[Result "1/2-1/2"]
[WhiteElo "2316"]
[BlackElo "2517"]
[Annotator "TA"]
[PlyCount "79"]
[EventDate "2017.??.??"]
[EventType "swiss"]
[EventCountry "LAT"]
[SourceTitle "playchess.com"]
[Source "ChessBase"]
[SourceQuality "1"]

{[%evp 10,79,-21,-21,0,-15,-1,0,0,-6,-8,-25,-20,-13,-8,-17,-10,-11,16,-12,18,0,3,6,16,23,22,0,4,-2,-7,-15,-6,-6,0,-16,-15,-17,-25,-30,0,0,0,0,0,-2,0,0,0,0,0,-10,20,8,102,95,98,114,112,0,80,89,95,91,98,98,100,100,105,100,104,106]} 1. Nf3 d5 2. g3 Nc6 3. Bg2 e5 4. c4 (4. O-O e4 5. Ne1 Nf6 6. d3 Bf5 7. c3 Qd7 8. Bg5 O-O-O 9. dxe4 dxe4 10. Qxd7+ Rxd7 11. Bxf6 gxf6 12. Nc2 Kb8 {1-0 (41) Petrosian,T (2592)-Sadorra,J (2587) chess.com INT 2017}) 4... dxc4 5. Qa4 Bd6 6. Qxc4 {LiveBook: 3 Games. A07: Réti Opening: New York and Capablanca Systems} Nge7 (6... Be6 $5 {[%cal Re6c4]} 7. Qa4 Nge7 $15) 7. O-O O-O 8. d4 {The position is equal.} Be6 9. Qa4 exd4 $146 ({Predecessor:} 9... Bd7 10. dxe5 Nxe5 {½-½ (41) Shakirov,A (2055)-Chesnokov,G (2015) Dimitrovgrad 2009}) 10. Nxd4 Nxd4 11. Qxd4 c6 12. Nd2 Nf5 13. Qc3 Qb6 14. Nf3 Qc5 (14... Be7 {looks sharper.} 15. Bg5 Rad8 16. Bxe7 Nxe7 17. e4 Rfe8) 15. Bd2 Qxc3 16. Bxc3 Bd5 17. Rfd1 {[#] Strongly threatening e4!} Rfe8 18. Rd2 (18. e4 $5 Bxe4 19. g4 Bxf3 20. Bxf3 $11) 18... Bc7 19. b3 Nd6 {next ...Ne4 is good for Black.} 20. Rc2 Be4 21. Rd2 Bd5 {White should prevent ...Ne4.} 22. Rc2 a5 {[%cal Ba7a5,Ba5a4][%mdl 32]} 23. Rd1 a4 24. Nd4 Bxg2 25. Kxg2 Red8 26. Rb1 axb3 27. Rxb3 c5 28. Ba1 b6 29. Nc6 Re8 30. Be5 (30. Nb4 $5) 30... Ra6 31. Bf4 c4 (31... h6 $11) 32. Rb1 $16 b5 33. Nb4 Ra5 34. Nc6 Ra6 35. Nd4 {White is better.} Rea8 36. Bxd6 Bxd6 37. Nxb5 Bf8 38. Rxc4 Rxa2 39. Nd4 g6 40. e3 {Precision: White = 59%, Black = 44%.} 1/2-1/2

[Event "7th RTU Open 2017"]
[Site "Riga"]
[Date "2017.08.08"]
[Round "2"]
[White "Berzina, Ilze"]
[Black "Kollars, Dmitrij"]
[Result "1/2-1/2"]
[WhiteElo "2308"]
[BlackElo "2514"]
[Annotator "TA"]
[PlyCount "109"]
[EventDate "2017.??.??"]
[EventType "swiss"]
[EventCountry "LAT"]
[SourceTitle "playchess.com"]
[Source "ChessBase"]
[SourceQuality "1"]

{[%evp 15,109,0,0,0,0,0,0,0,0,0,0,5,15,21,64,58,62,44,68,55,65,57,48,57,58,62,116,75,207,204,194,164,180,169,164,152,151,143,155,150,194,196,186,179,197,188,228,219,353,349,360,337,282,178,178,178,178,178,178,178,178,178,178,178,178,178,178,178,178,178,233,87,92,62,72,0,0,0,0,0,0,0,0,0,0,0,0,0,0,0,0,0,0,0,0,0]} 1. e4 e5 2. Nf3 Nc6 3. Bb5 a6 4. Ba4 Nf6 5. O-O Bc5 6. d3 b5 7. Bb3 d6 8. a4 b4 {LiveBook: 14 Games. C78: Ruy Lopez: Archangelsk and Möller Defences} (8... Rb8 9. axb5 axb5 10. Be3 Bxe3 11. fxe3 O-O 12. Nc3 Ne7 13. Nd5 Nfxd5 14. Bxd5 c6 15. Bb3 Ng6 16. Qe1 c5 17. Ra7 c4 18. dxc4 {1-0 (36) Smirin,I (2667)-Jones,G (2665) Wijk aan Zee 2017}) 9. a5 O-O 10. Bg5 {[%cal Bc1g5,Bg5h4,Bh4g3][%mdl 32]} h6 $146 ({Predecessor:} 10... Be6 11. Nbd2 h6 12. Bh4 g5 13. Bg3 Bg4 14. c3 bxc3 15. bxc3 Ne7 16. Qc2 {½-½ (24) Andersson,F (2225)-Husari,S (2362) Olomouc 2008}) 11. Bh4 g5 12. Bg3 Bg4 13. c3 bxc3 14. bxc3 Nh5 15. Bd5 Nxg3 16. hxg3 Bd7 17. d4 Ba7 18. dxe5 dxe5 19. Qe2 Qe7 20. Nbd2 {[%cal Bb1d2,Bd2c4,Bc4e3,Be3f5][%mdl 32]} Bc5 (20... Kg7 $14) 21. Nc4 Bd6 (21... Rab8 $16 {was worth a try.}) 22. Ne3 $18 Ra7 23. Nf5 Bxf5 24. exf5 Nb8 25. Nh2 {[%cal Bf3h2,Bh2g4,Bg4e3,Be3c4][%mdl 32]} Nd7 26. Ng4 $36 {[%mdl 2048] White is in control.} Kg7 27. Bc6 f6 28. Ne3 Nb8 29. Bd5 Bc5 30. Nc4 Rd8 31. Rad1 c6 (31... Qe8 $142 32. Be6 Nc6) 32. Be6 Rxd1 33. Rxd1 Nd7 34. Rxd7 Rxd7 35. Qh5 {[#] Qg6+ would kill now.} Kf8 36. Bxd7 ({Worse is} 36. Qxh6+ Qg7 $17) 36... Qxd7 37. Qxh6+ Ke8 38. Qh8+ ({And not} 38. Qxf6 Qd1+ 39. Kh2 Qh5+ 40. Kg1 Qd1+ 41. Kh2 Qh5+ 42. Kg1 Qd1+ $11) 38... Ke7 39. Qg7+ Ke8 40. Qxd7+ ({Stronger than} 40. Qxf6 Qd1+ 41. Kh2 Qh5+ 42. Kg1 Qd1+ 43. Kh2 Qh5+ 44. Kg1 Qd1+ $11) 40... Kxd7 {[%mdl 4096] Endgame KB-KN} 41. Kf1 Be7 42. f3 c5 {[#]} (42... Ke8 {was called for.} 43. Ke1 Bd8) 43. Ke2 (43. Nb6+ $1 $18 {and the rest is easy.} Kc6 44. c4) 43... Kc6 $16 44. Kd3 Kb5 45. Ne3 ({White should play} 45. g4 $16) 45... Bd8 $11 {The position is equal.} 46. c4+ Kxa5 {...Kb4 is the strong threat.} 47. Nd5 {Threatens to win with Kc2.} Ka4 {Strongly threatening ...Kb3.} 48. Kc2 Ka3 $1 49. Kc3 a5 50. Kc2 a4 51. Kc3 Ka2 {aiming for ...Kb1.} 52. Kc2 $1 Ka3 $1 53. Kc3 Ka2 {And now ...Kb1 would win.} 54. Kc2 $1 Ka3 $1 55. Kc3 {Precision: White = 78%, Black = 58%.} 1/2-1/2

[Event "7th RTU Open 2017"]
[Site "Riga"]
[Date "2017.08.08"]
[Round "2.3"]
[White "Smirin, Ilia"]
[Black "Tomazini, Zan"]
[Result "1-0"]
[WhiteElo "2634"]
[BlackElo "2395"]
[Annotator "TA"]
[PlyCount "93"]
[EventDate "2017.??.??"]
[EventType "swiss"]
[EventCountry "LAT"]
[SourceTitle "playchess.com"]
[Source "ChessBase"]
[SourceQuality "1"]

{[%evp 17,93,22,26,21,13,22,15,18,29,35,27,31,97,89,131,118,159,133,120,122,139,97,91,94,89,99,83,87,87,94,89,19,189,200,175,118,112,121,165,37,35,0,0,0,82,73,120,119,122,114,138,147,185,183,191,191,179,179,270,278,335,331,330,315,327,275,412,393,387,391,450,455,551,557,587,596,812,808]} 1. e4 c5 2. Nf3 d6 3. d4 cxd4 4. Nxd4 Nf6 5. Nc3 g6 6. Be3 a6 7. Be2 Nbd7 {B92: Sicilian Najdorf: 6 Be2} (7... Bg7 8. Qd2 Nbd7 9. g4 d5 10. exd5 Nb6 11. O-O-O Bxg4 12. f3 Bd7 13. Nb3 Nc8 14. Ne4 Nd6 15. Nbc5 O-O 16. Nxf6+ Bxf6 {½-½ (58) Eljanov,P (2755)-Jobava,B (2713) Malmo 2017}) 8. O-O Bg7 9. a4 {[%cal Ba2a4,Ba4a5][%mdl 32]} b6 {LiveBook: 4 Games. The position is equal.} 10. Nd5 $146 ({Find the theoretical novelty and annotate with similar games:} 10. Qd2 Bb7 11. f3 Rc8 12. Rfd1 O-O 13. Nb3 {1-0 (34) Simacek,P (2470)-Danielsen,H (2526) Pardubice 2008}) 10... Bb7 11. Nxf6+ Nxf6 12. f3 e5 13. Nb3 d5 14. a5 d4 (14... b5 $1 $14) 15. Bf2 $36 {[%mdl 2048] White is in control.} b5 16. c3 $1 dxc3 17. Qxd8+ Rxd8 18. bxc3 Nd7 19. Rfd1 Rc8 20. c4 bxc4 21. Nd2 c3 22. Nc4 {Black must now prevent Rdb1.} Bh6 23. Ra2 Ke7 24. Be1 ({White should play} 24. Bh4+ $1 $16 f6 25. Be1) 24... Rxc4 $2 (24... Bc6 $1 $11) 25. Bxc4 $18 Rc8 26. Bb3 ({Better is} 26. Bd3 $1 $18) 26... Nc5 $16 27. Bc2 $1 Ne6 28. Rb1 ({White must play} 28. Kf2 $1 $18) 28... Be3+ $14 29. Bf2 (29. Kf1 {looks sharper.} Ba8 30. Bh4+ f6 31. Bf2 Bd4 32. Bd3) 29... Bxf2+ 30. Kxf2 Rc7 (30... Bc6 $11 {remains equal.}) 31. Bd3 Nd4 32. Ra4 $1 c2 33. Rc1 Rc3 {[#]} 34. Ke3 $1 Rb3 {[#]} 35. Kd2 $1 Bc6 36. Ra2 Bb5 37. Bxc2 Nxc2 (37... Rb4 {was necessary.} 38. Raa1 Ne6) 38. Rcxc2 $18 {[%mdl 4096] Endgame KRR-KRB} ({But not} 38. Raxc2 Kf6 $18) 38... f5 39. exf5 gxf5 40. Rc7+ Kd6 41. Rxh7 Rd3+ (41... Kd5 $142 42. Kc2 Re3) 42. Kc1 Rc3+ 43. Rc2 Ra3 44. Rd2+ {White is clearly winning.} Ke6 45. Rh6+ Kf7 46. Rdd6 e4 47. Rh7+ {Precision: White = 75%, Black = 44%.} 1-0